000 01073nam a2200301 i 4500
001 000032510
003 DO-SdBNP
005 20260305073951.0
007 ta
008 110718s1976 dr c 000 0 spa d
040 _aDO-SdBNP
_bspa
_cBNPHU
_erda
041 _aspa
082 4 _a923.27293
_bD812P
_222
100 1 _aPeña, Angela
_eautor
_937722
_4aut.
245 1 0 _aAsí era Duarte /
_cAngela Peña ; prólogo, Frank Moya Pons.
264 _aSanto Domingo, República Dominicana :
_bEditora Lozano,
_c[1976?].
300 _a145 páginas :
_bilustraciones, retratos ;
_c23 cm.
336 _atexto
_btxt
_2rdacontent
337 _asin mediación
_bn
_2rdamedia
338 _avolumen
_bnc
_2rdacarrier
504 _aBibliografía: página 145
590 _aInventariado, 2022 /LP
600 1 0 _aDuarte, Juan Pablo,
_d1813-1876
_91494
651 _aRepública Dominicana
_vEnsayos, conferencias, etc.
_xHistoria
_y1844-1930
_981215
700 1 _aMoya Pons, Frank,
_d1944-
_eprologuista
_4pr.
_92095
910 _aValidado. Control de calidad.MAA
942 _2ddc
_cLBS1
999 _c32001
_d32001